Top 15 Countries with Covid-19 Cases - 15 Feb 2021 - Statistics

General Stats
  • This quiz has been taken 41 times
  • The average score is 16 of 27
Answer Stats
country % Correct
United Kingdom
100%
United States
100%
Brazil
95%
France
95%
Germany
95%
Russia
95%
India
92%
Italy
92%
Spain
89%
Mexico
87%
Argentina
74%
Sweden
63%
Turkey
63%
Belgium
61%
Poland
61%
Portugal
58%
Netherlands
55%
Colombia
53%
Iran
53%
Switzerland
34%
Czechia
26%
Israel
21%
Lithuania
21%
Slovenia
21%
Georgia
16%
Panama
16%
Bahrain
8%
No matching quizzes found
Score Distribution
Percent of People with Each Score
Percentile by Number Answered
Your Score History
You have not taken this quiz